000 01442 a2200217 4500
001 22892
005 20260407155518.0
008 260407a1980 arg spa d
003 AR-UNSa-BCEJYS
040 _aAR-UNSa-BCEJYS
_bspa
_cAR-UNSa-BCEJYS
080 _a658.14
_xFinanciación. Financiación de las empresas. Obtención de capital
245 1 0 _aAnálisis financiero
250 _a4a. ed.
264 1 _aBuenos Aires :
_bEl Ateneo
_c1980
300 _axvii, 558 p.
_c22 cm.
505 _a1. Naturaleza y alcance de la función financiera - 2. Conceptos analíticos de las decisiones financieras - 3. Fundamentos de la programación lineal - 4. Programación lineal, programación de metas y planeamiento de ganancias - 5. Programación lineal, programación de metas y presupuesto financiero - 6. Deciciones de inversión en condiciones de certeza (I) - 7. Deciciones de inversión en condiciones de certeza (II) - 8. Deciciones de inversión en condiciones de incertidumbre - 9. Análisis de decisiones seleccionadas de inversión - 10. El costo del capital: concepto y medición - 11. Planeamiento de la estructura óptima del capital - 12. Teorías de la valuación y política financiera - 13. Teoría de las decisiones acerca del capital en giro - 14. Enfoque de simulación de las decisiones acerca del capital en giro
041 _aspa
942 _cBK
590 _aniveau_biblio:m niveau_hierar:0
100 1 _aMao, James C.T.
999 _c1063
_d1063